Directory of exporters: Natural rubber &rubber products (Record no. 44699)

MARC details
000 -LEADER
fixed length control field 00303nam a2200109Ia 4500
082 ## - DEWEY DECIMAL CLASSIFICATION NUMBER
Classification number NR:339.564(540)
Item number RUB
245 #0 - TITLE STATEMENT
Title Directory of exporters: Natural rubber &rubber products
250 ## - EDITION STATEMENT
Edition statement Rev.5
260 ## - PUBLICATION, DISTRIBUTION, ETC. (IMPRINT)
Place of publication Kottayam
Name of publisher Rubber Board
Year of publication 2015
942 ## - ADDED ENTRY ELEMENTS (KOHA)
Koha item type Books
Holdings
Withdrawn status Lost status Damaged status Not for loan Home library Current library Date acquired Source of acquisition Full call number Accession Number Koha item type
        RRII Library RRII Library 16/12/2021 Gift NR:339.564(540) RUB DR 13 A page 45 G01442 Books